Políticas y estéticas de la memoria

Saved in:
Bibliografiske detaljer
Hovedforfatter: Richard, Nelly (Author)
Format: Bog
Sprog:spansk
Udgivet: Santiago Cuarto Propio 2000
Udgivelse:1a. ed
Serier:Ensayo
Fag:
Tags: Tilføj Tag
Ingen Tags, Vær først til at tagge denne postø!

MARC

LEADER 00000cam a2200000 a 4500
001 UCM2183
003 CL-VaPUC
008 020425e20000800CL |||||||||||||||||spa|d
020 |a 9562601919 
082 0 4 |a 323  |b RIC  |2 21 
100 0 |a Richard, Nelly  |e author  |9 468948 
245 1 0 |a Políticas y estéticas de la memoria 
250 |a 1a. ed 
300 |a 252 p 
942 |c BK 
945 |d 20020425 00:00:00  |a vberengu 
260 |a Santiago  |b Cuarto Propio  |c 2000 
650 0 |a Derechos humanos  |9 223025 
650 0 |a Detenidos desaparecidos  |9 392335 
650 0 |a Democracia  |9 255256 
650 0 |a Violaciones de los derechos humanos  |9 338464 
651 7 |a CHILE  |2 CL-VaPUC  |9 468949 
651 0 |a Argentina  |9 254888 
583 |a last modification  |c 20140114 04:36:05  |k Rodrigo Vera 
490 0 |a Ensayo 
999 |c 300159  |d 300157 
952 |0 0  |1 0  |4 0  |6 323_000000000000000_RIC_2000  |7 0  |8 A  |9 357524  |a BIBCUR  |b BIBCUR  |d 2019-11-21  |i 3811522  |o 323 RIC 2000  |p 3811522  |r 2025-04-22  |w 2019-11-21  |y BK  |k PER 
952 |0 0  |1 0  |4 0  |6 323_000000000000000_RIC_2000  |7 0  |8 A  |9 357525  |a BIBART  |b BIBART  |d 2019-11-21  |i 4332679  |o 323 RIC 2000  |p 4332679  |r 2025-03-13  |w 2019-11-21  |y BK  |k ART 
952 |0 0  |1 0  |3 erb  |4 0  |6 323_000000000000000_RIC_2000  |7 0  |8 A  |9 357526  |a BIBCUR  |b BIBCUR  |i 5051266  |o 323 RIC 2000  |p 5051266  |r 2025-04-22  |w 2019-11-21  |y BK  |z Catalogado en:20140116  |k PER